Statistics for Football Manager 23 Player Roles

Click here to take the quiz!

General Stats

  • This quiz has been taken 26 times
  • The average score is 32 of 56

Answer Stats

HintAnswer% Correct
GKGoalkeeper
96%
GKSweeper Keeper
92%
FBWing-Back
80%
WBWing-Back
80%
STAdvanced Forward
76%
CMDeep Lying Playmaker
76%
DMDeep Lying Playmaker
76%
CBLibero
76%
CBBall Playing Defender
72%
CBCentral Defender
72%
FBFull-Back
72%
AMAdvanced Playmaker
68%
RW/LWAdvanced Playmaker
68%
CMAdvanced Playmaker
68%
DMAnchor
68%
CMBall Winning Midfielder
68%
DMBall Winning Midfielder
68%
STPoacher
68%
RM/LMWinger
68%
RW/LWWinger
68%
DMDefensive Midfielder
64%
RW/LWInside Forward
64%
WBInverted Wing-Back
64%
FBInverted Wing-Back
64%
RM/LMInverted Winger
64%
RW/LWInverted Winger
64%
WBComplete Wing-Back
60%
FBComplete Wing-Back
60%
CMMezzala
60%
CBNo-Nonsense Centre-Back
60%
STTarget Forward
60%
CMCentral Midfielder
56%
CBWide Centre-Back
56%
CMBox to Box Midfielder
52%
STComplete Forward
52%
DMHalf Back
52%
AMShadow Striker
52%
AMAttacking Midfielder
48%
STDeep Lying Forward
48%
STFalse Nine
48%
FBNo-Nonsense Full-Back
48%
STPressing Forward
48%
RM/LMDefensive Winger
44%
DMSegundo Volante
44%
RM/LMWide Midfielder
44%
RM/LMWide Playmaker
40%
CMCarrilero
32%
RW/LWRaumdeuter
32%
AMTrequartista
32%
RW/LWTrequartista
32%
STTrequartista
32%
AMEnganche
28%
DMRegista
28%
DMRoaming Playmaker
28%
CMRoaming Playmaker
28%
RW/LWWide Target Forward
28%

Score Distribution

Percentile by Number Answered

Percent of People with Each Score

Your Score History

You have not taken this quiz